000 00297nam a22001337a 4500
008 171009b xxu||||| |||| 00| 0 eng d
020 _a0716708450
041 _aeng
080 _a159.9
100 _a49
101 _aPSI
245 _aHOW TO SOLVE PROBLEMS
_cWICKEIGREN.W.A
942 _2udc
_cBK
999 _c32486
_d32486